[Event "North American Blitz op 30th"]
[Site "ICC INT"]
[Date "2020.12.31"]
[Round "7"]
[White "Vidyarthi, Vyom"]
[Black "Edidiong, Okpongete"]
[Result "1-0"]
[WhiteElo "2090"]
[BlackElo "2034"]
[PlyCount "133"]
[EventDate "2020.12.31"]
[EventType "swiss (blitz)"]
[EventRounds "11"]
[EventCountry "USA"]
[SourceTitle "CBM 200 Extra"]
[Source "ChessBase"]
[SourceDate "2021.03.31"]
[SourceVersion "1"]
[SourceVersionDate "2021.03.31"]
[SourceQuality "1"]

1. Nc3 e5 2. Nf3 Nc6 3. d4 exd4 4. Nxd4 Nf6 5. Bg5 Bb4 6. Nxc6 bxc6 7. Qd4 Bxc3+ 8. Qxc3 h6 9. Bxf6 Qxf6 10. Qxf6 gxf6 11. g3 Ba6 12. 0-0-0 0-0-0 13. Rd4 d5 14. Bh3+ Kb7 15. e4 dxe4 16. Rxe4 Rhe8 17. Rhe1 Rxe4 18. Rxe4 Rd5 19. Bg2 Re5 20. Rb4+ Kc8 21. Bxc6 f5 22. Ra4 Bb7 23. Bxb7+ Kxb7 24. Kd2 a5 25. Rh4 Rd5+ 26. Ke3 Re5+ 27. Kf3 Rc5 28. c3 Rd5 29. Ke3 Rd6 30. Rd4 Re6+ 31. Kf3 Kb6 32. Rd5 Rf6 33. Kf4 Re6 34. Rd2 Kc5 35. Kxf5 c6 36. h4 a4 37. f4 a3 38. b3 Re3 39. g4 Rxc3 40. g5 hxg5 41. hxg5 Rf3 42. Rc2+ Kd5 43. Rd2+ Kc5 44. Rd7 Rf2 45. Rxf7 Rxa2 46. g6 Rg2 47. Ra7 Kb4 48. Kf6 Kxb3 49. g7 Kb2 50. Kf7 a2 51. f5 c5 52. f6 c4 53. Ke6 c3 54. f7 Rxg7 55. Rxa2+ Kxa2 56. f8Q c2 57. Qf2 Rc7 58. Kd5 Ka1 59. Qf6+ Ka2 60. Qa6+ Kb1 61. Qb6+ Kc1 62. Qxc7 Kb1 63. Qb6+ Kc1 64. Kd4 Kd1 65. Qb3 Kd2 66. Qd3+ Kc1 67. Kc3 1-0